| 000 | 00531nam a22002057a 4500 | ||
|---|---|---|---|
| 003 | koha_MIRAKIL | ||
| 005 | 20231213100100.0 | ||
| 008 | 231213b |||||||| |||| 00| 0 ||| d | ||
| 020 | _b979-9-75320188-8 | ||
| 040 |
_aTR-IsEVY _btur _cTR-IsEVY |
||
| 082 | _aFIC HEN/B | ||
| 100 | _aHengirmen, Mehmet. | ||
| 245 | 0 | _aBalık prens | |
| 250 | _a2. bs. | ||
| 260 |
_bEngin Yayınevi, _c2007 |
||
| 300 | _a16 s. | ||
| 650 | _aChildren's literature -- Stories. | ||
| 650 | _aÇocuk edebiyatı -- Hikayeler. | ||
| 942 |
_2ddc _cBK |
||
| 999 |
_c14226 _d14226 |
||